Tvář rodné země. (5 básnických próz).

Uložené v:
Podrobná bibliografia
Hlavný autor: Halas, František, 1901-1949
Médium: Kniha
Jazyk:Czech
Vydané: Praha : Československý spisovatel, 1972.
Fyzický popis: [108 strán].
Tagy: Pridať tag
Žiadne tagy, Buďte prvý kto otaguje tento záznam!

MARC

LEADER 00000nam a22000002i 4500
001 000748621
005 20260319103537.0
008 260319s1972 xr e 000 0 cze d
FMT
020 |c Kčs 30,00  |q (brožované) 
040 |a SVKKK  |b slo  |c SVKKK  |e rda 
100 1 |a Halas, František,  |d 1901-1949 
245 1 0 |a Tvář rodné země. (5 básnických próz). 
264 1 |a Praha :  |b Československý spisovatel,  |c 1972. 
300 |a [108 strán]. 
336 |a text  |b txt  |2 rdacontent 
337 |a bez média  |b n  |2 rdamedia 
338 |a zväzok  |b nc  |2 rdacarrier 
500 |a Záznam revízie 
910 |a svkkk 
998 |a BK 
OWN
Z30 1 |l SCK01  |l SCK01  |m BOOK  |1 SCKHL  |2 SK16  |b Sklad Pribinova 3. posch.  |3 V.84361  |6 479856  |q 19720319  |5 2721203142  |8 20260319  |f 20  |s Povinný výt.  |z 1.00  |t 00000000  |u 0000  |w 000748621  |x 000010 
090 |g SCKHL  |k Sklad Pribinova 3. posch.  |a V.84361  |j 479856  |i 2721203142  |s Povinný výt.